000
00269nam a22001217a 4500
008
170127b xxu||||| |||| 00| 0 eng d
041
_a
eng
080
_a
61
100
_a
3
101
_a
SHM
245
_a
SCOPE MONOGRAPH ON HUMAN MYCOSES
_c
BENEKE, E.S
942
_2
udc
_c
BK
999
_c
3886
_d
3886